01457nab a22002177a 4500999001500000003000400015005001700019008004100036040000700077100003600084245010000120260007200220300001500292500003500307505056600342505009000908650002600998650006301024773013901087942001301226 c5325d5325OSt20250220115006.0190605e xxu||||| |||| 00| 0 spa d cPJ 96371aSimionato, Maximiliano H.13aEl Fondo de reserva y sus implicancias en el procedimiento laboral /cMaximiliano H. Simionato. aCiudad Autónoma de Buenos Aires :bThomson Reuters La Ley,c2025. ap. 147-155 aCita Online: AR/DOC/3136/2024. aSumario: I. Naturaleza jurídica del Fondo de Reserva de la ley 24.557.— II. ¿El Fondo de Reserva es parte en el proceso?— III. El rol del Fondo de Reserva en el proceso.— IV. Los delegados liquidadores.— V. Embargabilidad o inembargabilidad del Fondo de Reserva.— VI. Marco reglamentario. El cómputo de los intereses en el marco de una hipotética condena —sistémica— recaída contra una aseguradora liquidada.— VII. Costas en el proceso. Responsabilidad sistémica o extra sistémica.— VIII. Plenario "Borgia".— IX. Res. 28.117  t¿Te interesa el texto completo? Solicitalo al correo: koha@justierradelfuego.gov.ar  091316aDERECHO LABORAL 096372aFONDO DE RESERVA DE LA LEY SOBRE RIESGOS DEL TRABAJO0 0271193168dCiudad Autónoma de Buenos Aires : Thomson Reuters La Ley, 1999-2002.tRevista de derecho del trabajo. Nº 1 - Enero 2025 2udccANA